000 02204cam a22004694i 4500
003 PE-LiUPU
005 20250731172941.0
008 150623s r 000 0 d
020 _a0385053908
035 _a(Sirsi) i9780385053907
040 _aPE-LiUPU
_bspa
_cPE-LiUPU
_erda
049 _aPRUA
082 0 4 _a220.7
_bAB1968
_221
100 1 _aMcKenzie, John L.,
_eautor.
245 1 0 _aSecond Isaiah.
_n20 /
_cJohn L. McKenzie.
264 1 _aNew York :
_bDoubleday,
_c1968.
300 _a225 páginas ;
_c24 centímetros
336 _atext
_2rdacontent
337 _aunmediated
_2rdamedia
338 _avolume
_2rdacarrier
490 0 _aThe Anchor Bible ;
_v20
504 _aIncluye bibliografía.
505 0 _aYahweh's vengeance on Edom. - The call of the prophet. - The liberator comes. - A challenge to the nations. - The missions of the servant. - Israel the blind servant. - Israel the witness of yahweh's fidelity. -Response to the poem. -the second servant poem: the light of nations. - The consolation of zion. - The call ísrael. - The sorrow of Jerusalem. - The advent ofpeace. - The fourth servant poem: The servant's victory. - The rewards of fidelity. - The faithless watchmen. - Rebuke of supersticion. - Punishment and forgiveness.- True fasting. - The glory of the new Jerusalem. - A message for Israel. - The salvation of Zion. - The destruction of Edom. - A Psalm of lamentation. - Yahweh's accusation. - Apocalypse: Deliverance and Judgment.
526 _aSEG42
526 _aSEG41
526 _aSEG40
526 _aSEG39
526 _aP94
526 _aP87
526 _aP86
526 _aP85
526 _aP77
526 _aP76
526 _aP35
630 _aBiblia.
_pA.T.
_pIsaías II
_xComentarios.
942 _2ddc
_cBOOK
949 _a220.7 AB 20 1968
_wDEWEY
_c1
_i44555
_lCCODEBUL1
_mBUL
_r0
_sY
_tBOOK
_u2015-6-24
_xTEOLOGIA
_PP35
_0COMPRA
_o.STAFF. Colección General
994 _aC0
_bPEPRU
596 _a1
999 _a220.7 AB 20 1968
_wDEWEY
_c21440
_i44555
_d21440
_e2018-4-19
_f2021-11-9
_g5
_lCCODEBUL1
_mBUL
_n2
_q17
_r0
_sY
_tBOOK
_u2015-6-24
_xTEOLOGIA
_PP35
_0COMPRA
_o.STAFF. Colección General
980 _81
_gALBERTO SANCHEZ Responsable de Automatización